Corporate governance: (Record no. 6693)
[ view plain ]
| 000 -LEADER | |
|---|---|
| fixed length control field | 00400nam a2200169 4500 |
| 005 - DATE AND TIME OF LATEST TRANSACTION | |
| control field | 20250625190657.0 |
| 008 - FIXED-LENGTH DATA ELEMENTS--GENERAL INFORMATION | |
| fixed length control field | cu123 |
| 020 ## - INTERNATIONAL STANDARD BOOK NUMBER | |
| International Standard Book Number | 9780198747468 |
| 050 ## - LIBRARY OF CONGRESS CALL NUMBER | |
| Classification number | HD 2471.T685 |
| Item number | 1 |
| 100 ## - MAIN ENTRY--PERSONAL NAME | |
| Personal name | TRICKER, Bob |
| 245 ## - TITLE STATEMENT | |
| Title | Corporate governance: |
| Remainder of title | principles, policies and practices |
| 250 ## - EDITION STATEMENT | |
| Edition statement | 3rd |
| 260 ## - PUBLICATION, DISTRIBUTION, ETC. | |
| Place of publication, distribution, etc. | Australia |
| Name of publisher, distributor, etc. | Oxford |
| Date of publication, distribution, etc. | 2015c |
| 300 ## - PHYSICAL DESCRIPTION | |
| Extent | xvi,408p |
| 500 ## - GENERAL NOTE | |
| General note | index |
| 942 ## - ADDED ENTRY ELEMENTS (KOHA) | |
| Source of classification or shelving scheme | Library of Congress Classification |
| Koha item type | Books |
| Suppress in OPAC | No |
| 999 ## - | |
| -- | 6693 |
| -- | 6693 |
| Withdrawn status | Lost status | Source of classification or shelving scheme | Damaged status | Not for loan | Collection | Home library | Current library | Shelving location | Date acquired | Total checkouts | Full call number | Barcode | Date last seen | Copy number | Price effective from | Koha item type |
|---|---|---|---|---|---|---|---|---|---|---|---|---|---|---|---|---|
| Library of Congress Classification | Non-fiction | Business Library (Miotso) | Business Library (Miotso) | General stacks | 03/18/2026 | HD2471 .T685 TRI | BSSM00002923 | 03/18/2026 | 1 | 03/18/2026 | Books | |||||
| Library of Congress Classification | Non-fiction | Business Library (Miotso) | Business Library (Miotso) | General stacks | 03/18/2026 | HD2471 .T685 TRI | BSSM00002924 | 03/18/2026 | 2 | 03/18/2026 | Books | |||||
| Library of Congress Classification | Non-fiction | Graduate Library (Christ Temple) | Graduate Library (Christ Temple) | General stacks | 06/25/2025 | HD2471. T685 TRI | GSCT00001669 | 06/25/2025 | 1 | 06/25/2025 | Books | |||||
| Library of Congress Classification | Non-fiction | Graduate Library (Christ Temple) | Graduate Library (Christ Temple) | General stacks | 06/25/2025 | HD2471. T685 TRI | GSCT00001670 | 06/25/2025 | 2 | 06/25/2025 | Books |